000 01049cab a2200253 4500
001 ABS58364
008 090401t1998 xxu||||| |||| 00| 0 eng d
035 _a(Sirsi) u84150
041 _aeng
245 _aNykredit Mortgage Bank plc v Edward Erdman Group Ltd (No2)
260 _c1998
350 _a0
490 _aAll England Law Reports
_v[1998] 1 All ER, 305-317(11)
520 _aHL 27 November 1997. The House of Lords had to determine the level of interest to be paid upon damages awarded following a negligent valuation. "Held" The date from which interest could be awarded was the date on which the lender actually suffered the loss attributable to the valuers` breach of duty. Accordingly, interest would be payable from 12 DEcember 1990.
650 _aDAMAGES
650 _aINTEREST
650 _aNEGLIGENT VALUATION
650 _aNYKREDIT MORTGAGE BANK PLC V EDWARD ERDMAN GROUP LTD (NO2)
650 _aOVERVALUATION
650 _aVALUERS
690 _aRATING AND VALUATION-CASE LAW
942 _n0
948 _c10/02/1998
999 _c52869
_d52869